000 00514nam a2200181Ia 4500
005 20260429112036.0
008 260429s9999||||xx |||||||||||||| ||und||
020 _a9781804896075
041 _aEnglish
082 _a512.5
_bDUN
100 _aDuncan, Christian
245 0 _aLinear algebra and its applications /
_cChristian Duncan
260 _aUnited Kingdom :
_bBrilliant Publication Ltd. ,
_c2026.
300 _ax, 254 p.; hb
650 _a Applied mathematics
650 _aLinear algebra
942 _cTB
999 _c52046
_d52046